000
00232 a2200097 4500
001
33795
100
_a
Almas M. A.
245
_a
Sultan Mehmood Ghazanvi [UIrdu]
260
_a
Lahore
_b
Maktabh Al Quresh
_c
2004
090
_c
22447
_d
22447
942
_a
NUST-CAE
_c
M
_c
13833
999
_c
268868
_d
268868